An interpretation of the English Bible; vol. 6. (Record no. 1605)

000 -LEADER
fixed length control field 00583nam a2200181 a 4500
001 - CONTROL NUMBER
control field :::00017790$&:&@@
003 - CONTROL NUMBER IDENTIFIER
control field OkBaRHE
005 - DATE AND TIME OF LATEST TRANSACTION
control field 20100326171012.0
008 - FIXED-LENGTH DATA ELEMENTS--GENERAL INFORMATION
fixed length control field s1986 j 000 0 eng u
040 ## - CATALOGING SOURCE
Transcribing agency
100 1# - MAIN ENTRY--PERSONAL NAME
Personal name Carroll, Benajah Harvey, 1843-1914.
245 13 - TITLE STATEMENT
Title An interpretation of the English Bible; vol. 6.
260 ## - PUBLICATION, DISTRIBUTION, ETC. (IMPRINT)
Place of publication, distribution, etc Grand Rapids, MI., :
Name of publisher, distributor, etc Baker Book House
Date of publication, distribution, etc 1986
300 ## - PHYSICAL DESCRIPTION
Extent v. (1-6).
650 ## - SUBJECT ADDED ENTRY--TOPICAL TERM
Topical term or geographic name as entry element Bible
General subdivision Extended Paraphrase
942 ## - ADDED ENTRY ELEMENTS (KOHA)
Source of classification or shelving scheme
Koha item type Books
Copies
Copy number Full call number Collection code Barcode Not for loan Damaged status Koha item type Price effective from Shelving location Lost status Withdrawn status Permanent Location Date acquired Source of classification or shelving scheme Date last seen
1BS 511 .C252Reference17790  Books2010-04-14General Stacks  RHEMA Bible Training College2010-04-14 2010-04-14